Word Ladder: Tough as Nails Quiz Stats

Quiz Updated Nov 20, 2015

Challenge
Share
Tweet
Embed
Score 0/36 Timer 04:00
0 Plays Today
Hint 4-Letter Word % Correct
● A stone or a boulder ●ROCK
97.8%
A key requirerLOCK
96.9%
Earth's centerCORE
96.3%
● Fortune or misfortune ●LUCK
95.3%
Not thisTHAT
94.7%
Car window coloringTINT
94.5%
Camper's abodeTENT
94.1%
The basis of applauseCLAP
94%
Astley, Santorum, or Grimes, e.g.RICK
93.9%
''If you build it, he will ____''COME
93.8%
An informal conversationCHAT
93.5%
A board game of world dominationRISK
93%
To not fail a testPASS
92.8%
A fellowCHAP
91.7%
Use it to make bricks, pots, and dollsCLAY
91.6%
● The shape of a plate or a frisbee ●DISK
90.8%
● The button you pressed to start this game ●PLAY
90.7%
Part of the cow that you milkTEAT
90.6%
Hint 4-Letter Word % Correct
Two days ago, for examplePAST
90.3%
Fork's fingerTINE
90.2%
Relative of the rabbitHARE
89.9%
● It can fly by or run out● TIME
89.8%
Appliance's built-in extention for getting powerCORD
88.7%
A large, bound bookTOME
88.5%
Animosity, loathing, or enmityHATE
88.4%
● Multiple head garments ●HATS
87.9%
The building block of a sentenceWORD
87.5%
Servings of butterPATS
86%
An irksome beingPEST
85.3%
One like a nerdDORK
83.1%
A short daggerDIRK
81.5%
● In physics, force times a distance ●WORK
80%
A soil-like substance characteristic of bogsPEAT
79.4%
A scheme, design, or ideaPLAN
76%
Fur resembling a weasel's with gold and blackPEAN
64.6%
● COMMON BOND ●HARD
46.7%

Today's Daily Dose

You're not logged in!

Compare scores with friends on all Sporcle quizzes.
Sign Up with Email
OR
Log In

You Might Also Like...

Show Comments

Extras

Top Quizzes Today


Score Distribution

Your Account Isn't Verified!

In order to create a playlist on Sporcle, you need to verify the email address you used during registration. Go to your Sporcle Settings to finish the process.